Allgemeine Betriebswirtschaftslehre Aufbau. Ablauf. Führung. Leitung

Salvato in:
Dettagli Bibliografici
Autore principale: Korndörfer, Wolfgang
Natura: Libro
Lingua:tedesco
Pubblicazione: Wiesbaden Gabler 1989
Edizione:9. verb. Aufl.
Soggetti:
Tags: Aggiungi Tag
Nessun Tag, puoi essere il primo ad aggiungerne!!

MARC

LEADER 00000nam a2200000 4500
001 c000184
005 20221215125215.6
020 |a 3-409-32055-5 
041 0 |a ger 
044 |a DE 
245 1 0 |a Allgemeine Betriebswirtschaftslehre  |b Aufbau. Ablauf. Führung. Leitung  |c Wolfgang Korndörfer 
250 |a 9. verb. Aufl. 
264 1 |a Wiesbaden  |b Gabler  |c 1989 
300 |a 416 s. 
610 2 0 |a veda o podniku 
610 2 0 |a podnik 
610 2 0 |a právo hospodárske 
610 2 0 |a riadenie podnikové 
610 2 0 |a politika mzdová 
610 2 0 |a investície 
610 2 0 |a financie podnikové 
610 2 0 |a úver 
610 2 0 |a plánovanie podnikové 
610 2 0 |a analýza operačná 
610 2 0 |a vedenie 
100 1 |a Korndörfer, Wolfgang